Zemplínska šírava Rekreačné stredisko Hôrka - Senderov : vodné športy

Zobrazenie: Štyri čiastkové pohľady, každý v bielom orámovaní, všetky spolu v hnedo-bielom orámovaní. V druhom pohľade je hore čiernym písmom názov. Pohľad na autokemping vľavo na brehu vodnej nádrže, v pozadí sa dvíha trávnatá hora. Pohľad na vodného lyžiara na vodnej nádrži. Pohľad na ženu stojacu...

Full description

Bibliographic Details
Other Authors: Jiroušek, Alexander, 1934-2021 (Photographer), Bobula, Juraj, 1948-2017 (Photographer), Rudnický, Viliam, 1947- (Photographer)
Format: Photo
Language:Slovak
PhysicalDescription:1 pohľadnica (4 čiastkové pohľady) farebná 15 x 11 cm
Published: Bratislava ČSTK-Pressfoto 1987
Subjects:

MARC

LEADER 00000ckm a2200000 a 4500
001 vtls001233383
003 SK-MaSNL
005 20260331203603.0
007 kf co
008 230718s1987 xo g 0kuslo
015 |a SNBG1987 
035 |a SNK000180391 
035 |a 44E6CD12-2AA2-4452-855D-998D58B204EB 
035 |a urn:nbn:sk:snk-km00gifb 
040 |a SNK  |b slo  |c SNK  |e AACR2 
041 0 |a slo 
043 |a e-xo--- 
044 |a xo  |c SK 
072 7 |a 913  |x Regionálna geografia  |2 konspekt 
080 |a 913(437.6)  |2 2011 
080 |a 908(437.6)  |2 2011 
080 |a 797  |2 2011 
080 |a 711.455  |2 2011 
080 |a 627.81  |2 2011 
080 |a (084.121)  |2 2011 
080 |a 908.437.674(084.121)  |2 1981 
100 1 |a Jiroušek, Alexander,  |d 1934-2021  |4 pht  |9 223957 
245 1 0 |a Zemplínska šírava  |h grafika  |b Rekreačné stredisko Hôrka - Senderov : vodné športy  |c foto: A. Jiroušek, J. Bobula, V. Rudnický ; výtvarný návrh: K. Izakovič 
246 1 |i Názov na obrazovej časti:  |a Zemplínska šírava 
260 |a Bratislava  |b ČSTK-Pressfoto  |c 1987  |e Skalica  |f Grafobal 
300 |a 1 pohľadnica (4 čiastkové pohľady)  |b farebná  |c 15 x 11 cm 
520 8 |a Zobrazenie: Štyri čiastkové pohľady, každý v bielom orámovaní, všetky spolu v hnedo-bielom orámovaní. V druhom pohľade je hore čiernym písmom názov. Pohľad na autokemping vľavo na brehu vodnej nádrže, v pozadí sa dvíha trávnatá hora. Pohľad na vodného lyžiara na vodnej nádrži. Pohľad na ženu stojacu na okraji jachty na vodnej nádrži. Pohľad na vodné bicykle na brehu vodnej nádrže, vpravo sú aj člny, v pozadí vodná hladina 
650 0 7 |a vodné nádrže  |2 SNKPH  |9 4190 
650 0 7 |a vodné športy  |2 SNKPH  |9 3221 
650 0 7 |a rekreačné oblasti  |2 SNKPH  |9 69057 
651 7 |a Zemplínska šírava (Slovensko : vodná nádrž)  |2 SNKPHgeo  |9 110374 
651 7 |a Zemplínska šírava (Slovensko : rekreačná oblasť)  |2 SNKPHgeo  |9 113109 
655 7 |a miestne pohľadnice  |2 SNKPHK  |9 70510 
655 7 |a geografické pohľadnice  |2 SNKPH  |9 70522 
700 1 |a Bobula, Juraj,  |d 1948-2017  |4 pht  |9 203493 
700 1 |a Rudnický, Viliam,  |d 1947-  |4 pht  |9 92815 
700 1 |a Izakovič, K.  |c (grafik)  |4 art  |9 179239 
852 |a Slovenská národná knižnica 
954 |a pohľadnice pôvodné (slovenské)  |2 lita 
958 |a GBN 
958 |a GC 
958 |a OND 
958 |a EUIPO 
999 |c 602813  |d 604743 
952 |a SNK  |b SNK  |y PREZ  |7 0  |p 17A1283502  |o snkSP 138262  |i snk1721/87  |0 0  |1 0  |4 0  |d 2020-11-04  |f 1  |l 0  |r 2026-02-23 15:59:35  |w 2026-02-23 
952 |a SNK  |b SNK  |y PREZ  |7 0  |p 17A1283852  |o snkSP 138262 D1  |i snk1722/87  |0 0  |1 0  |4 0  |d 2020-11-04  |l 0  |r 2026-02-23 15:59:35  |w 2026-02-23